Social economic study of the local people use and protection of source in colexim conession , kampong thom (ការសិក្សាពីសេដ្ឋកិច្ចសង្គមនៃការប្រើប្រាស់របស់ប្រជាជនមូលដ្ឋាននិងការការពារចំការពូជនៅព្រៃសម្បទានកូឡិចសីុមខេត្តកំពង់ធំ) (Record no. 3209)

000 -LEADER
fixed length control field 00813nam a22001577a 4500
003 - CONTROL NUMBER IDENTIFIER
control field OSt
005 - DATE AND TIME OF LATEST TRANSACTION
control field 20151106101505.0
008 - FIXED-LENGTH DATA ELEMENTS--GENERAL INFORMATION
fixed length control field 151106b xxu||||| |||| 00| 0 eng d
040 ## - CATALOGING SOURCE
Transcribing agency `RUA
082 ## - DEWEY DECIMAL CLASSIFICATION NUMBER
Classification number FOR YIM 2002 B128 Or.1
100 ## - MAIN ENTRY--PERSONAL NAME
9 (RLIN) 3439
Personal name YIM, BUNLONG.
245 ## - TITLE STATEMENT
Title Social economic study of the local people use and protection of source in colexim conession , kampong thom (ការសិក្សាពីសេដ្ឋកិច្ចសង្គមនៃការប្រើប្រាស់របស់ប្រជាជនមូលដ្ឋាននិងការការពារចំការពូជនៅព្រៃសម្បទានកូឡិចសីុមខេត្តកំពង់ធំ)
260 ## - PUBLICATION, DISTRIBUTION, ETC. (IMPRINT)
Place of publication, distribution, etc. Phnom Penh
Name of publisher, distributor, etc. RUA
Date of publication, distribution, etc. 2002
300 ## - PHYSICAL DESCRIPTION
Extent 49p.
Other physical details ill.
Dimensions 29cm.
942 ## - ADDED ENTRY ELEMENTS (KOHA)
Source of classification or shelving scheme
Koha item type FOR
Holdings
Price effective from Date last seen Permanent Location Not for loan Date acquired Source of classification or shelving scheme Koha item type Lost status Withdrawn status Date last checked out Total Checkouts Shelving location Damaged status Barcode Current Location Checked out Full call number
2015-11-062015-11-06Library Block B 2015-11-06 FOR    B128 RUA002327Library Block B FOR YIM 2002 B128 Or.1
2015-11-062015-11-06Library Block B 2015-11-06 FOR    B128 RUA002108Library Block B FOR YIM 2002 B128 Or.2
2015-11-062016-08-09Library Block B 2015-11-06 FOR  2016-07-271B128 RUA002471Library Block B FOR YIM 2002 B128 Or.4
2015-11-062015-11-06Library Block B 2015-11-06 FOR    B128 RUA002033Library Block B FOR YIM 2002 B128 Or.5
2015-11-062026-06-08Library Block B 2015-11-06 FOR  2026-06-081B128 RUA002472Library Block D2026-07-14FOR YIM 2002 B128 Or.3
មជ្ឈមណ្ឌលឯការនៃសាកលវិទ្យាល័យភូមិន្ទកសិកម្មចំការដូង

Powered by Koha